Vplyv parametrov zvárania na štruktúru T00 ocele E 700 TS : Diplomová práca

Na minha lista:
Detalhes bibliográficos
Autor principal: Jurík, Radovan (Author)
Outros Autores: Hudáková, Mária, 1962- (xxx)
Formato: Manuscrito Livro
Idioma:eslovaco
Publicado em: Trnava : STU v Bratislave MtF KMI, 2002
Assuntos:
Tags: Adicionar Tag
Sem tags, seja o primeiro a adicionar uma tag!

MARC

LEADER 00000ntm a22000003a 4500
001 stu76385
005 20160719155043.9
008 020701s2002----xo------------------slo-d
040 |a STU  |b slo 
041 0 |a slo 
044 |a xo 
100 1 |a Jurík, Radovan  |4 aut 
245 1 |a Vplyv parametrov zvárania na štruktúru T00 ocele E 700 TS :  |b Diplomová práca 
260 |a Trnava :  |b STU v Bratislave MtF KMI,  |c 2002 
300 |a 87 s  |c abstr. 
650 7 |a vysokopevné ocele  |2 stusub 
650 7 |a zvarové spoje  |2 stusub 
650 7 |a kovové a nekovové materiály  |2 stusub 
700 1 |a Hudáková, Mária,  |d 1962-  |4 xxx  |u M1000  |U MTF Materiálovotechnologická fakulta  |T MTF Ústav materiálov  |X 2754  |U M1000  |Y 81  |7 A000002754